[Event "Rio de Janeiro op 3rd"]
[Site "Rio de Janeiro"]
[Date "2024.04.25"]
[Round "6"]
[White "Mobaier, Sergio"]
[Black "Soares, Joao Carlos TC"]
[Result "1-0"]
[WhiteElo "1881"]
[BlackElo "1991"]
[PlyCount "75"]
[EventDate "2024.04.22"]
[EventType "swiss"]
[EventRounds "9"]
[EventCountry "BRA"]
[SourceTitle "CB18_2024"]
[SourceDate "2024.05.01"]
[SourceVersion "1"]
[SourceVersionDate "2024.05.01"]
[SourceQuality "2"]

1. d4 e6 2. Nf3 d5 3. g3 f5 4. Bg2 Nf6 5. 0-0 Bd6 6. c4 c6 7. Qc2 0-0 8. Nbd2 b6 9. Ne1 Qe7 10. Ndf3 Ba6 11. b3 Nbd7 12. Nd3 Rac8 13. Bf4 Ne4 14. Bxd6 Qxd6 15. e3 c5 16. dxc5 Ndxc5 17. Nxc5 Rxc5 18. Rfd1 Qc7 19. Nd4 Qe7 20. Bf1 Rc7 21. Rac1 Rfc8 22. Bd3 b5 23. Qe2 bxc4 24. bxc4 Bxc4 25. Bxc4 Rxc4 26. Rxc4 dxc4 27. Rc1 Nd6 28. Qf3 h6 29. Rb1 Kh7 30. Kg2 Qf6 31. a4 Ne4 32. Qf4 Nc3 33. Rb2 Ne4 34. Rb1 c3 35. Rc1 Rd8 36. Qc7 e5 37. Nf3 Qe6 38. Qxd8 1-0

[Event "Rio de Janeiro op 3rd"]
[Site "Rio de Janeiro"]
[Date "2024.04.23"]
[Round "2"]
[White "Piccoli, Lucas Fonseca"]
[Black "Soares, Joao Carlos TC"]
[Result "1-0"]
[WhiteElo "2274"]
[BlackElo "1991"]
[PlyCount "85"]
[EventDate "2024.04.22"]
[EventType "swiss"]
[EventRounds "9"]
[EventCountry "BRA"]
[SourceTitle "CB18_2024"]
[SourceDate "2024.05.01"]
[SourceVersion "1"]
[SourceVersionDate "2024.05.01"]
[SourceQuality "2"]

1. e4 e6 2. d4 d5 3. e5 c5 4. c3 Qb6 5. Nf3 Nc6 6. Be2 Bd7 7. 0-0 Rc8 8. dxc5 Bxc5 9. b4 Be7 10. Bf4 Nh6 11. a3 Nf5 12. Bd3 h6 13. g4 Nh4 14. Nbd2 Nxf3+ 15. Nxf3 a6 16. Rc1 Qa7 17. a4 Qb8 18. Qe2 Na7 19. b5 a5 20. Bg3 h5 21. h3 Rc5 22. Nd4 Nc8 23. gxh5 Nb6 24. Qg4 Kf8 25. f4 Nc4 26. Qe2 Rh6 27. Kh2 g6 28. hxg6 fxg6 29. Rce1 Kf7 30. f5 gxf5 31. Bxf5 Qh8 32. Bxe6+ Ke8 33. Bxd7+ Kxd7 34. Qg4+ Ke8 35. Nf5 Nd2 36. Rf2 Rc4 37. Rf4 Rxf4 38. Bxf4 Rxh3+ 39. Kg2 Rh7 40. Nd6+ Bxd6 41. Qg6+ Kf8 42. Qxd6+ Ke8 43. Qb8+ 1-0

[Event "Florianopolis op 10th"]
[Site "Florianopolis"]
[Date "2024.01.23"]
[Round "5"]
[White "Contin, Daniel"]
[Black "Soares, Joao Carlos TC"]
[Result "1-0"]
[WhiteElo "2203"]
[BlackElo "1983"]
[PlyCount "41"]
[EventDate "2024.01.20"]
[EventType "swiss"]
[EventRounds "10"]
[EventCountry "BRA"]
[SourceTitle "CB05_2024"]
[SourceDate "2024.01.31"]
[SourceVersion "1"]
[SourceVersionDate "2024.01.31"]
[SourceQuality "1"]

1. Nf3 g6 2. d4 Bg7 3. g3 Nf6 4. c4 0-0 5. Bg2 d6 6. 0-0 Nfd7 7. Nc3 e5 8. Bg5 f6 9. Be3 a5 10. Qd2 Nc6 11. a3 Ne7 12. dxe5 Nxe5 13. Nxe5 dxe5 14. Rad1 Be6 15. Bc5 Qxd2 16. Rxd2 Rfe8 17. Nb5 Bxc4 18. Nxc7 Red8 19. Rc2 Rac8 20. Bxe7 Rd7 21. Nd5 1-0

[Event "Florianopolis op 10th"]
[Site "Florianopolis"]
[Date "2024.01.20"]
[Round "1"]
[White "Garcia Cruz, Luis Manuel"]
[Black "Soares, Joao Carlos TC"]
[Result "0-1"]
[WhiteElo "1381"]
[BlackElo "1983"]
[PlyCount "52"]
[EventDate "2024.01.20"]
[EventType "swiss"]
[EventRounds "10"]
[EventCountry "BRA"]
[SourceTitle "CB05_2024"]
[SourceDate "2024.01.31"]
[SourceVersion "1"]
[SourceVersionDate "2024.01.31"]
[SourceQuality "1"]

1. e4 e6 2. d4 d5 3. exd5 exd5 4. Nf3 Bd6 5. Bd3 Nc6 6. c3 Bg4 7. h3 Bh5 8. Be3 Nge7 9. Nbd2 Qd7 10. 0-0 0-0-0 11. b4 Rde8 12. a4 f5 13. Nb3 f4 14. Bd2 g5 15. b5 Nd8 16. a5 Ng6 17. Nc5 Bxc5 18. dxc5 Nh4 19. Kh2 Nxf3+ 20. gxf3 Bg6 21. Qb1 Bxd3 22. Qxd3 Re6 23. Qd4 Rh6 24. h4 Rxh4+ 25. Kg1 Qh3 26. Qxh8 Qh1# 0-1

[Event "Florianopolis op 9th"]
[Site "Florianopolis"]
[Date "2023.01.23"]
[Round "1"]
[White "Ribeiro, Erica de Jesus"]
[Black "Soares, Joao Carlos TC"]
[Result "0-1"]
[WhiteElo "1445"]
[BlackElo "2062"]
[PlyCount "84"]
[EventDate "2023.01.23"]
[EventType "swiss"]
[EventRounds "10"]
[EventCountry "BRA"]
[SourceTitle "CBM 212 Extra"]
[Source "ChessBase"]
[SourceDate "2023.03.31"]
[SourceVersion "1"]
[SourceVersionDate "2023.03.31"]
[SourceQuality "1"]

1. e4 e6 2. d4 d5 3. Nd2 dxe4 4. Nxe4 Nf6 5. Bg5 Be7 6. Nxf6+ gxf6 7. Be3 Nc6 8. c3 Bd7 9. Qh5 f5 10. Nf3 Bf6 11. Bg5 a6 12. Bxf6 Qxf6 13. Qh4 Qg7 14. Qg3 Qg4 15. Qxg4 fxg4 16. Nd2 e5 17. dxe5 Nxe5 18. Nc4 Ng6 19. 0-0-0 0-0-0 20. g3 Bc6 21. Rxd8+ Rxd8 22. Rg1 b5 23. Ne3 Ne5 24. Be2 h5 25. Rd1 Re8 26. Rd2 Nf3 27. Bxf3 Bxf3 28. Rd4 Be4 29. Rd2 f5 30. Rd4 h4 31. Rd2 Rf8 32. Rd4 c5 33. Rd6 Kc7 34. Rd2 Kc6 35. a3 Bf3 36. Kc2 f4 37. gxf4 Rxf4 38. Nf1 Re4 39. Ne3 g3 40. hxg3 hxg3 41. fxg3 Rxe3 42. Rd3 Be4 0-1

[Event "Rio de Janeiro Duchamp op 4th"]
[Site "Rio de Janeiro"]
[Date "2022.12.12"]
[Round "7"]
[White "Menezes, Grasielle Da Silv"]
[Black "Soares, Joao Carlos TC"]
[Result "1/2-1/2"]
[WhiteElo "1793"]
[BlackElo "2090"]
[PlyCount "102"]
[EventDate "2022.12.07"]
[EventType "swiss"]
[EventRounds "9"]
[EventCountry "BRA"]
[SourceTitle "CBM 211 Extra"]
[Source "ChessBase"]
[SourceDate "2023.01.31"]
[SourceVersion "1"]
[SourceVersionDate "2023.01.31"]
[SourceQuality "1"]

1. d4 f5 2. c4 Nf6 3. Nc3 g6 4. Nf3 Bg7 5. e3 d6 6. Be2 0-0 7. 0-0 c6 8. Qc2 Qc7 9. b4 a5 10. b5 e5 11. Rb1 e4 12. Nd2 Be6 13. f3 exf3 14. Nxf3 Kh8 15. Bd3 Qe7 16. Bd2 Nbd7 17. bxc6 bxc6 18. Rb7 Bg8 19. e4 fxe4 20. Nxe4 Rfb8 21. Rfb1 Rxb7 22. Rxb7 Rb8 23. Rxb8 Nxb8 24. Nxf6 Bxf6 25. Bxa5 Qe3+ 26. Kf1 Nd7 27. Bd2 Qe6 28. Bf4 Nb6 29. c5 Nd5 30. Bd2 dxc5 31. dxc5 Ne3+ 32. Bxe3 Qxe3 33. a4 Bd5 34. Be2 Bb3 35. Qb1 g5 36. h3 h5 37. Qf5 Kg7 38. a5 Be6 39. Qd3 Qc1+ 40. Ne1 Qxc5 41. a6 g4 42. hxg4 hxg4 43. Qg3 Be5 44. Qh4 Qe3 45. Qe7+ Bf7 46. a7 Qf4+ 47. Nf3 Qc1+ 48. Ne1 Bg3 49. Qb4 Bxe1 50. Qxe1 Qf4+ 51. Qf2 Qc1+ 1/2-1/2

[Event "Rio de Janeiro Duchamp op 4th"]
[Site "Rio de Janeiro"]
[Date "2022.12.10"]
[Round "4"]
[White "Soares, Joao Carlos TC"]
[Black "Da Silva, Camila Evaristo"]
[Result "1-0"]
[WhiteElo "2090"]
[BlackElo "1684"]
[PlyCount "89"]
[EventDate "2022.12.07"]
[EventType "swiss"]
[EventRounds "9"]
[EventCountry "BRA"]
[SourceTitle "CBM 211 Extra"]
[Source "ChessBase"]
[SourceDate "2023.01.31"]
[SourceVersion "1"]
[SourceVersionDate "2023.01.31"]
[SourceQuality "1"]

1. d4 d5 2. c4 c6 3. Nf3 Nf6 4. Qc2 e6 5. g3 Be7 6. Bg2 0-0 7. 0-0 Na6 8. a3 dxc4 9. Qxc4 Nc7 10. Nc3 Ncd5 11. Rd1 Nxc3 12. Qxc3 Re8 13. Qc2 Qa5 14. Ne5 c5 15. Bd2 Qb5 16. a4 Qb6 17. a5 Qb5 18. a6 cxd4 19. Ra5 Qb6 20. Nc4 Qc7 21. Bf4 Qd7 22. Be5 Nd5 23. Rxd4 b6 24. Raxd5 exd5 25. Bxd5 Bc5 26. Rd3 Bxa6 27. Bxa8 Qf5 28. e4 Qxf2+ 29. Qxf2 Bxf2+ 30. Kxf2 Bxc4 31. Rd4 Rxa8 32. Rxc4 f6 33. Bc3 Re8 34. Kf3 b5 35. Rc7 a6 36. Rc6 Ra8 37. Ba5 Kf7 38. Rc7+ Kg6 39. Kf4 Kh6 40. Kf5 Re8 41. Bd2+ Kh5 42. Rxg7 Re5+ 43. Kxf6 Rxe4 44. Rxh7+ Kg4 45. Rh4+ 1-0

[Event "Rio de Janeiro Estadual Cup"]
[Site "Rio de Janeiro"]
[Date "2022.07.24"]
[Round "4"]
[White "Soares, Joao Carlos TC"]
[Black "Guimaraes, Wagner Peixoto"]
[Result "1/2-1/2"]
[WhiteElo "2101"]
[BlackElo "2195"]
[PlyCount "74"]
[EventDate "2022.07.23"]
[EventType "swiss"]
[EventRounds "6"]
[EventCountry "BRA"]
[SourceTitle "EXT 2023"]
[Source "ChessBase"]
[SourceDate "2022.10.05"]
[SourceVersion "1"]
[SourceVersionDate "2022.10.05"]
[SourceQuality "1"]

1. d4 Nf6 2. c4 g6 3. Nf3 Bg7 4. Nc3 d5 5. Bf4 dxc4 6. e4 Bg4 7. Bxc4 0-0 8. Be3 c6 9. 0-0 b5 10. Bd3 a6 11. h3 Bxf3 12. Qxf3 e5 13. dxe5 Nfd7 14. Rfd1 Nxe5 15. Qe2 Qe7 16. f4 Ned7 17. Qf3 Nc5 18. e5 f6 19. Ne4 Nxe4 20. Bxe4 fxe5 21. Rac1 Qh4 22. g3 Qxh3 23. Bc5 Nd7 24. Bxf8 Rxf8 25. Rxc6 Nf6 26. Qg2 Qh6 27. Rf1 Ng4 28. Qh1 exf4 29. Qxh6 Bxh6 30. Rxa6 Ne3 31. Rf3 fxg3 32. Rxf8+ Bxf8 33. a4 bxa4 34. Rxa4 Nd1 35. Ra6 Nxb2 36. Bxg6 hxg6 37. Rxg6+ Bg7 1/2-1/2

[Event "Rio de Janeiro Estadual Cup"]
[Site "Rio de Janeiro"]
[Date "2022.07.23"]
[Round "2"]
[White "Soares, Joao Carlos TC"]
[Black "De Oliveira, Sergio Patricio"]
[Result "1-0"]
[WhiteElo "2101"]
[BlackElo "1556"]
[PlyCount "81"]
[EventDate "2022.07.23"]
[EventType "swiss"]
[EventRounds "6"]
[EventCountry "BRA"]
[SourceTitle "EXT 2023"]
[Source "ChessBase"]
[SourceDate "2022.10.05"]
[SourceVersion "1"]
[SourceVersionDate "2022.10.05"]
[SourceQuality "1"]

1. d4 d5 2. c4 e6 3. Nc3 Nf6 4. e3 c5 5. cxd5 Nxd5 6. Nf3 Be7 7. Bd3 0-0 8. 0-0 b6 9. e4 Nb4 10. Be2 cxd4 11. Nxd4 Bb7 12. Be3 Nd7 13. Qb3 Kh8 14. Rfd1 a6 15. a3 Nc6 16. Nxc6 Bxc6 17. Rac1 Qb8 18. Nd5 Bxd5 19. exd5 exd5 20. Qxd5 Nf6 21. Qf5 Rd8 22. Rxd8+ Qxd8 23. Bxa6 g6 24. Qd3 Nd5 25. Bd4+ Kg8 26. g3 Nc7 27. Bxb6 Qxd3 28. Bxd3 Ne6 29. Be3 Bf6 30. Rc2 Rb8 31. b4 Ra8 32. Ra2 Nc7 33. Bc4 Ne8 34. a4 Nd6 35. Bd5 Rb8 36. b5 Nf5 37. Bf4 Rd8 38. Be4 Rd1+ 39. Kg2 Bd4 40. Bxf5 gxf5 41. Be3 1-0

[Event "Pocos de Caldas op"]
[Site "Pocos de Caldas"]
[Date "2022.03.12"]
[Round "3"]
[White "Soares, Joao Carlos TC"]
[Black "Ramos, Erick Alexandre"]
[Result "1-0"]
[WhiteElo "2080"]
[BlackElo "1817"]
[PlyCount "77"]
[EventDate "2022.03.11"]
[EventType "swiss"]
[EventRounds "6"]
[EventCountry "BRA"]
[SourceTitle "CBM 207 Extra"]
[Source "ChessBase"]
[SourceDate "2022.05.31"]
[SourceVersion "1"]
[SourceVersionDate "2022.05.31"]
[SourceQuality "1"]

1. d4 Nf6 2. Nf3 g6 3. Bg5 Bg7 4. Nbd2 d5 5. e3 0-0 6. Bd3 c6 7. 0-0 Bg4 8. c4 Nbd7 9. h3 Bxf3 10. Nxf3 Qb6 11. Qa4 Rfe8 12. cxd5 Nxd5 13. e4 Nc7 14. Be3 a5 15. Rfc1 Qb4 16. Qc2 Na6 17. a3 Qb6 18. e5 Qd8 19. e6 fxe6 20. Qb3 Bf6 21. Qxb7 Ndc5 22. dxc5 Qxd3 23. Qxc6 Qd5 24. Qxd5 exd5 25. Rab1 Rab8 26. Nd4 Rec8 27. c6 e5 28. Ne6 Kf7 29. c7 Rb7 30. Rc6 Nxc7 31. Rbc1 Nxe6 32. Rxc8 Rxb2 33. R1c2 Rb1+ 34. Rc1 Rb3 35. Ra8 Rxa3 36. Ra7+ Be7 37. h4 d4 38. Bd2 Kf6 39. Bxa5 1-0

[Event "BRA-ch 87th"]
[Site "Cuiaba"]
[Date "2021.11.04"]
[Round "11"]
[White "Moyses Sobrinho, Elias"]
[Black "Soares, Joao Carlos TC"]
[Result "1/2-1/2"]
[WhiteElo "1858"]
[BlackElo "2056"]
[PlyCount "100"]
[EventDate "2021.10.28"]
[EventType "swiss"]
[EventRounds "11"]
[EventCountry "BRA"]
[SourceTitle "CBM 205 Extra"]
[Source "ChessBase"]
[SourceDate "2022.01.31"]
[SourceVersion "1"]
[SourceVersionDate "2022.01.31"]
[SourceQuality "1"]

1. d4 e6 2. c4 f5 3. g3 Nf6 4. Nc3 d5 5. cxd5 exd5 6. Bg2 c6 7. Bg5 Bd6 8. e3 0-0 9. Bxf6 Qxf6 10. Nf3 Nd7 11. 0-0 Qe7 12. a3 a5 13. Qc2 Nf6 14. Na4 Be6 15. Ng5 Ne4 16. Nxe6 Qxe6 17. Bxe4 fxe4 18. Nc5 Bxc5 19. dxc5 Qh3 20. Qe2 Rf3 21. Rfe1 Raf8 22. Qf1 Qf5 23. Re2 g5 24. b4 a4 25. Rb1 h5 26. Qg2 Qd7 27. Rd2 R8f6 28. Rbd1 Kf7 29. b5 h4 30. bxc6 bxc6 31. Rb1 Qe7 32. Rc2 hxg3 33. hxg3 Rh6 34. Rb4 Qf8 35. Rxa4 Qh8 36. Rd4 g4 37. Rb2 Kg6 38. Rb6 Kg5 39. a4 Rf7 40. Kf1 Rh2 41. Rxc6 Rxg2 42. Rxd5+ Rf5 43. Rxf5+ Kxf5 44. Kxg2 Qa8 45. Rd6 Qxa4 46. Rd4 Qc2 47. Kg1 Qxc5 48. Kg2 Ke5 49. Kg1 Qc1+ 50. Kg2 Qa1 1/2-1/2

[Event "BRA-ch 87th"]
[Site "Cuiaba"]
[Date "2021.10.29"]
[Round "3"]
[White "Filgueiras, Nathan Felipe"]
[Black "Soares, Joao Carlos TC"]
[Result "1/2-1/2"]
[WhiteElo "2312"]
[BlackElo "2056"]
[PlyCount "55"]
[EventDate "2021.10.28"]
[EventType "swiss"]
[EventRounds "11"]
[EventCountry "BRA"]
[SourceTitle "CBM 205 Extra"]
[Source "ChessBase"]
[SourceDate "2022.01.31"]
[SourceVersion "1"]
[SourceVersionDate "2022.01.31"]
[SourceQuality "1"]

1. e4 e6 2. d4 d5 3. e5 c5 4. c3 Qb6 5. Nf3 Nc6 6. a3 Bd7 7. b4 cxd4 8. cxd4 Rc8 9. Bb2 Na5 10. Nfd2 Nc4 11. Nxc4 dxc4 12. Nc3 Ne7 13. Rc1 Qa6 14. Be2 b5 15. 0-0 Bc6 16. Bf3 Qb7 17. Bxc6+ Qxc6 18. Qe2 Nd5 19. f4 g6 20. Ne4 Be7 21. Rf3 Qb6 22. Kh1 a5 23. bxa5 Qxa5 24. g4 h5 25. g5 Kd7 26. Nc3 Qa8 27. Kg1 Nxc3 28. Rfxc3 1/2-1/2

[Event "Florianopolis op 6th"]
[Site "Florianopolis"]
[Date "2020.01.24"]
[Round "7"]
[White "Rodrigues, Asafe Costa"]
[Black "Soares, Joao Carlos TC"]
[Result "0-1"]
[WhiteElo "1773"]
[BlackElo "2032"]
[PlyCount "67"]
[EventDate "2020.01.20"]
[EventType "swiss"]
[EventRounds "10"]
[EventCountry "BRA"]
[SourceTitle "CBM 194 Extra"]
[Source "ChessBase"]
[SourceDate "2020.03.31"]
[SourceVersion "1"]
[SourceVersionDate "2020.03.31"]
[SourceQuality "1"]

1. e4 c5 2. Bc4 Nc6 3. Nc3 e6 4. d3 Nf6 5. Nge2 d5 6. exd5 exd5 7. Bb3 Na5 8. 0-0 Nxb3 9. axb3 Be7 10. Ng3 Bg4 11. f3 Be6 12. f4 Bg4 13. Nce2 a5 14. h3 Bd7 15. Re1 a4 16. Nf1 Bc6 17. Nc3 d4 18. Ne4 Nxe4 19. dxe4 axb3 20. Qg4 Bd7 21. f5 g6 22. Bf4 g5 23. Bd2 Qc7 24. e5 0-0-0 25. Nh2 f6 26. e6 Bc6 27. Qe2 g4 28. Nxg4 Rd5 29. Nh6 Qg3 30. Qg4 Bd6 31. Qxg3 Bxg3 32. Rf1 Re5 33. Rf2 Bxf2+ 34. Kxf2 0-1

[Event "Florianopolis op 6th"]
[Site "Florianopolis"]
[Date "2020.01.22"]
[Round "4"]
[White "Soares, Joao Carlos TC"]
[Black "Abdalla, Luiz Guilherme"]
[Result "1-0"]
[WhiteElo "2032"]
[BlackElo "2248"]
[PlyCount "73"]
[EventDate "2020.01.20"]
[EventType "swiss"]
[EventRounds "10"]
[EventCountry "BRA"]
[SourceTitle "CBM 194 Extra"]
[Source "ChessBase"]
[SourceDate "2020.03.31"]
[SourceVersion "1"]
[SourceVersionDate "2020.03.31"]
[SourceQuality "1"]

1. e4 c5 2. Nf3 e6 3. d4 cxd4 4. Nxd4 Nf6 5. Nc3 d6 6. g4 h6 7. h4 Nc6 8. Rg1 h5 9. gxh5 Nxh5 10. Bg5 Qb6 11. Be3 Qd8 12. Bg5 Nf6 13. Qd2 a6 14. 0-0-0 Bd7 15. Nb3 Qc7 16. Rg3 b5 17. Re3 Ng4 18. Ree1 Nge5 19. Nd5 exd5 20. exd5 f6 21. dxc6 Bxc6 22. f4 0-0-0 23. fxe5 fxg5 24. Bh3+ Kb8 25. Nd4 Bd7 26. Bxd7 Rxd7 27. e6 Re7 28. Qxg5 g6 29. Qg2 Re8 30. Nc6+ Kc8 31. Nb4 Qb7 32. Nd5 Bg7 33. Qe4 Be5 34. Qxg6 Reg8 35. Qf5 Kb8 36. Nf6 Qg7 37. Rxe5 1-0

[Event "Rio de Janeiro Duchamp op 3rd"]
[Site "Rio de Janeiro"]
[Date "2019.12.08"]
[Round "3"]
[White "Zambrana, Oswaldo"]
[Black "Soares, Joao Carlos TC"]
[Result "1-0"]
[WhiteElo "2445"]
[BlackElo "2019"]
[PlyCount "143"]
[EventDate "2019.12.07"]
[EventType "swiss"]
[EventRounds "9"]
[EventCountry "BRA"]
[SourceTitle "CBM 193 Extra"]
[Source "ChessBase"]
[SourceDate "2020.01.31"]
[SourceVersion "1"]
[SourceVersionDate "2020.01.31"]
[SourceQuality "1"]

1. e4 c5 2. Nf3 Nc6 3. d4 cxd4 4. Nxd4 e6 5. Nc3 Qc7 6. Be3 a6 7. Qd2 Nf6 8. 0-0-0 Bb4 9. f3 0-0 10. g4 b5 11. Kb1 Rb8 12. g5 Nh5 13. Be2 Ne5 14. f4 Nc4 15. Bxc4 bxc4 16. Nde2 Rd8 17. Bd4 Bb7 18. Qe3 Bc6 19. Ka1 Ba5 20. Rhf1 Bb6 21. Rd2 Bxd4 22. Qxd4 d5 23. e5 Qb6 24. Qxb6 Rxb6 25. Ng3 Nxg3 26. hxg3 Rdb8 27. Rb1 a5 28. Ne2 Be8 29. b3 a4 30. Nd4 axb3 31. cxb3 cxb3 32. Rxb3 Rxb3 33. axb3 h6 34. gxh6 gxh6 35. Kb2 Bd7 36. Rc2 Rb7 37. Kc3 Kg7 38. Re2 Kg6 39. g4 h5 40. gxh5+ Kxh5 41. Rg2 Kh6 42. Rg5 Rc7+ 43. Kd2 Rc8 44. Rg1 Rb8 45. Rb1 Kg6 46. Kd3 Kg7 47. b4 Bb5+ 48. Kd2 Rb7 49. f5 exf5 50. Nxf5+ Kg8 51. Nd6 Rb6 52. Ke3 f6 53. Kd4 fxe5+ 54. Kc5 Rc6+ 55. Kxd5 Rb6 56. Kxe5 Bd3 57. Rb3 Bc2 58. Rb2 Bd3 59. Kd5 Kg7 60. Nc4 Rb5+ 61. Kd4 Bg6 62. Nd6 Rb8 63. b5 Kf6 64. Kd5 Ke7 65. Kc6 Bh5 66. Rb3 Bd1 67. Re3+ Kf6 68. b6 Ba4+ 69. Kc7 Rg8 70. b7 Rg7+ 71. Kb6 Rg8 72. Nc8 1-0

[Event "Sudeste/Centro-Oeste-ch U2000"]
[Site "Barbacena"]
[Date "2019.10.27"]
[Round "6"]
[White "Mourao, Igor AC Lofredo"]
[Black "Soares, Joao Carlos TC"]
[Result "1/2-1/2"]
[WhiteElo "2108"]
[BlackElo "2034"]
[PlyCount "34"]
[EventDate "2019.10.25"]
[EventType "swiss"]
[EventRounds "6"]
[EventCountry "BRA"]
[SourceTitle "CBM 193 Extra"]
[Source "ChessBase"]
[SourceDate "2020.01.31"]
[SourceVersion "1"]
[SourceVersionDate "2020.01.31"]
[SourceQuality "1"]

1. d4 f5 2. Nc3 d5 3. Bf4 Nf6 4. e3 e6 5. Nf3 c6 6. Bd3 Bd6 7. Ne2 b6 8. 0-0 0-0 9. c4 Ne4 10. cxd5 exd5 11. Bxd6 Qxd6 12. Ne5 Nd7 13. f4 Bb7 14. Rc1 Ndf6 15. Bxe4 Nxe4 16. Nc3 c5 17. Rf3 Rad8 1/2-1/2

[Event "Sudeste/Centro-Oeste-ch U2000"]
[Site "Barbacena"]
[Date "2019.10.26"]
[Round "3"]
[White "Soares, Joao Carlos TC"]
[Black "Lapertosa Viana, Julio"]
[Result "1/2-1/2"]
[WhiteElo "2034"]
[BlackElo "2023"]
[PlyCount "65"]
[EventDate "2019.10.25"]
[EventType "swiss"]
[EventRounds "6"]
[EventCountry "BRA"]
[SourceTitle "CBM 193 Extra"]
[Source "ChessBase"]
[SourceDate "2020.01.31"]
[SourceVersion "1"]
[SourceVersionDate "2020.01.31"]
[SourceQuality "1"]

1. e4 e5 2. Nf3 Nf6 3. d4 Nxe4 4. Bd3 d5 5. Nxe5 Nd7 6. Nxd7 Bxd7 7. 0-0 Nf6 8. Nc3 Be7 9. Bg5 c6 10. Bxf6 Bxf6 11. Re1+ Kf8 12. Ne2 g6 13. c3 Kg7 14. Nf4 Qc7 15. Qf3 Rae8 16. Qg3 Kh6 17. h4 Rxe1+ 18. Rxe1 Re8 19. Rxe8 Bxe8 20. Qe3 Kg7 21. Nxd5 cxd5 22. Qxe8 Bxh4 23. Qe3 Qe7 24. Qxe7 Bxe7 25. f4 Kf6 26. Kf2 Ke6 27. Bb5 g5 28. f5+ Kxf5 29. Bd3+ Ke6 30. Bxh7 f5 31. Bg8+ Kd6 32. Bh7 Ke6 33. Bg8+ 1/2-1/2